000 00561nam a2200217Ia 4500
003 OSt
005 20220923230720.0
006 a|||||r|||| 00| 0
007 ta
008 Pun
024 _a305,026
037 _cTextual
040 _aARTS
_cARTS
_bPun
041 _2Pun
_aPun
082 _aU8.561'N90, 153N6
100 _aਮੌਜ, ਬਚਨ ਸਿੰਘ
245 0 _aਇੰਗਲੈ੍ਵਡ ਦੀ ਸੈਰ
260 _c1996
942 _hU8.561'N90, 153N6
_cTEXL
_2CC
999 _c386829
_d386829